Towards an Emissions Trading System in Mexico: Rationale, Design and Connections with the Global Climate Agenda (Record no. 10539)
[ view plain ]
| 000 -LEADER | |
|---|---|
| fixed length control field | 00652nam a2200121Ia 4500 |
| 008 - FIXED-LENGTH DATA ELEMENTS--GENERAL INFORMATION | |
| fixed length control field | 220615s9999||||xx |||||||||||||| ||und|| |
| 245 #0 - TITLE STATEMENT | |
| Title | Towards an Emissions Trading System in Mexico: Rationale, Design and Connections with the Global Climate Agenda |
| Remainder of title | Outlook on the first ETS in Latin-America and Exploration of the Way Forward |
| 546 ## - LANGUAGE NOTE | |
| Language note | English[eng] |
| 650 ## - SUBJECT ADDED ENTRY--TOPICAL TERM | |
| Topical term or geographic name entry element | Climate change in Mexico||Emissions trading systems||Greenhouse gas emissions||Policy making||Global South||Environmental economics||Open Access |
| 700 ## - ADDED ENTRY--PERSONAL NAME | |
| Personal name | Lucatello, Simone |
| 856 ## - ELECTRONIC LOCATION AND ACCESS | |
| Uniform Resource Identifier | <a href="https://library.oapen.org/bitstream/20.500.12657/52415/1/978-3-030-82759-5.pdf">https://library.oapen.org/bitstream/20.500.12657/52415/1/978-3-030-82759-5.pdf</a> |
| 942 ## - ADDED ENTRY ELEMENTS (KOHA) | |
| Koha item type | E-Books |
| Withdrawn status | Lost status | Damaged status | Not for loan | Home library | Current library | Date acquired | Total Checkouts | Date last seen | Price effective from | Koha item type |
|---|---|---|---|---|---|---|---|---|---|---|
| Kerala University of Digital Sciences, Innovation and Technology Knowledge Centre | Kerala University of Digital Sciences, Innovation and Technology Knowledge Centre | 15/06/2022 | 15/06/2022 | 15/06/2022 | E-Books |